Представление документа в формате RUSMARC

Поле Инд. ПП Название Значение
Тип записи a
Библиографический уровень a
001 Контрольный номер b2a2a9cb7c0c4473acfa570f10fa796a
005 Дата корректировки 20181120134539.2
100 a Данные общей обработки 20180822 ||| 0rusy0189 ca
101 0_ a Язык текста rus
102 a Страна публикации RU
200 1_ f Первые сведения об ответственности А.Ф. Воронов
a Заглавие Практика применения законодательства о коллективном административном иске
210 d Дата издания 2018
461 _0 1 2000
a Российский судья
463 _0 1 2000
a №5
v С. 54-58
1 2101
d 2018
1 001ae39429307fe415fa628ec85d5d43bf6
606 a Основная рубрика Гражданское процессуальное право
610 0_ a Ключевые слова АДМИНИСТРАТИВНОЕ СУДОПРОИЗВОДСТВО
a Ключевые слова ИСКИ
a Ключевые слова ПРАВОПРИМЕНЕНИЕ
700 _1 a Фамилия Воронов
b Имя А.Ф.
801 _0 a Страна RU
b Организация РГУП
c Дата составления 20180822
g Правила каталогизации PSBO
801 _1 a Страна RU
b Организация РГУП
c Дата составления 20180822
g Правила каталогизации PSBO
901 t Тип документа b
w Контрольный № источника ae39429307fe415fa628ec85d5d43bf6
905 a Дата ввода 20180822